000 00375nam a2200133Ia 4500
008 220217s9999||||xx |||||||||||||| ||und||
020 _a81-219-1995-9
082 _a510 RAN
100 _aRanganath, G.K
245 0 _aText book of B.Sc. mathematics for seventh semister
260 _aS. Chand & company Ltd.
_bNew Delhi
_c2005
300 _b130
650 _aMATHEMATICS
999 _c173845
_d173845